[Event "Dayton Wright Brothers op 5th"]
[Site "Dayton"]
[Date "2017.10.13"]
[Round "1"]
[White "Sanders, Lewis Franklin"]
[Black "Baker, Vincent J"]
[Result "0-1"]
[WhiteElo "1886"]
[BlackElo "2093"]
[PlyCount "58"]
[EventDate "2017.10.13"]
[EventType "swiss"]
[EventRounds "5"]
[EventCountry "USA"]
[SourceTitle "CBM 181 Extra"]
[Source "ChessBase"]
[SourceDate "2017.12.12"]
[SourceVersion "1"]
[SourceVersionDate "2017.12.12"]
[SourceQuality "1"]

1. e4 c5 2. e5 Nc6 3. Nf3 g6 4. c3 d5 5. d4 Bg4 6. Bb5 Rc8 7. 0-0 a6 8. Be2 Bg7 9. Bf4 Qb6 10. Qd2 Bxf3 11. dxc5 Qxc5 12. Bxf3 e6 13. Re1 Nge7 14. Na3 Nf5 15. Nc2 0-0 16. Rac1 Qb6 17. Na3 Qc7 18. Bg4 Bxe5 19. Rxe5 Nxe5 20. Bxf5 exf5 21. Qxd5 Rfe8 22. Qd4 Rcd8 23. Qe3 Qd7 24. Rf1 Nd3 25. Qg3 Nxf4 26. Qxf4 Qd2 27. Qg3 Re1 28. f3 Rxf1+ 29. Kxf1 Qc1+ 0-1

[Event "Dayton Wright Brothers op 5th"]
[Site "Dayton"]
[Date "2017.10.13"]
[Round "1"]
[White "Sanders, Lewis Franklin"]
[Black "Storn, Justin T"]
[Result "0-1"]
[WhiteElo "1886"]
[BlackElo "2010"]
[PlyCount "116"]
[EventDate "2017.10.13"]
[EventType "swiss"]
[EventRounds "5"]
[EventCountry "USA"]
[SourceTitle "CBM 181 Extra"]
[Source "ChessBase"]
[SourceDate "2017.12.12"]
[SourceVersion "1"]
[SourceVersionDate "2017.12.12"]
[SourceQuality "1"]

1. e4 e6 2. b3 d5 3. Bb2 dxe4 4. Nc3 Nf6 5. g4 h6 6. Qe2 Bd7 7. Bg2 Bc6 8. Nxe4 Nd5 9. Nh3 Nd7 10. c4 N5f6 11. Nxf6+ Nxf6 12. Bxc6+ bxc6 13. 0-0 Bc5 14. Qf3 0-0 15. g5 hxg5 16. Nxg5 Bd4 17. Bc3 c5 18. Kh1 Qd6 19. Rg1 Rad8 20. Qg2 g6 21. Rae1 Rde8 22. Qf3 Kg7 23. Rg2 Rh8 24. Reg1 Rh6 25. Ne4 Nxe4 26. Qxe4 Reh8 27. f4 Rh4 28. Rf1 R8h5 29. b4 Bxc3 30. dxc3 Rh3 31. Rfg1 Rf5 32. Rg4 Qd2 33. R1g2 Qd1+ 34. Rg1 Qd2 35. R1g2 Qxc3 36. bxc5 Re3 37. Qc6 Re1+ 38. Rg1 Rxg1+ 39. Rxg1 Rxf4 40. Qxc7 Qf3+ 41. Rg2 Rxc4 42. Qe5+ Kh7 43. Qg5 Qd1+ 44. Rg1 Qd5+ 45. Qxd5 exd5 46. Rd1 Rxc5 47. Rd2 Kg7 48. Kg2 f5 49. Kf3 Kf6 50. h4 Rc3+ 51. Kf4 Rc4+ 52. Kg3 Rg4+ 53. Kh3 Ke5 54. Rb2 Ra4 55. Rg2 Ra3+ 56. Kh2 Ra6 57. Kg3 d4 58. Kf3 Ra3+ 0-1

[Event "US Open-117"]
[Site "Indianapolis"]
[Date "2016.08.04"]
[Round "6"]
[White "Sanders, Lewis Franklin"]
[Black "Gatica, Jose M"]
[Result "0-1"]
[WhiteElo "1896"]
[BlackElo "1994"]
[PlyCount "140"]
[EventDate "2016.07.30"]
[EventType "swiss"]
[EventRounds "9"]
[EventCountry "USA"]
[SourceTitle "CBM 173 Extra"]
[Source "ChessBase"]
[SourceDate "2016.08.29"]
[SourceVersion "1"]
[SourceVersionDate "2016.08.29"]
[SourceQuality "1"]

1. e4 d6 2. Nf3 Nf6 3. c3 g6 4. Qb3 Bg7 5. Be2 0-0 6. d3 c5 7. Nbd2 Nc6 8. Nf1 Rb8 9. Ng3 Be6 10. Qc2 h6 11. h3 Qc8 12. Nh4 d5 13. f4 Qc7 14. 0-0 d4 15. Qd1 Rbd8 16. c4 Bc8 17. a3 e6 18. Rb1 Nh7 19. e5 g5 20. Nf3 gxf4 21. Bxf4 Nxe5 22. Nh5 Nxf3+ 23. Rxf3 e5 24. Bd2 Rd6 25. Nxg7 Kxg7 26. b4 b6 27. Qe1 f5 28. bxc5 bxc5 29. Ba5 Qe7 30. Rb5 Rg6 31. Rg3 Ng5 32. Bh5 Ra6 33. h4 f4 34. Rg4 Bxg4 35. Bxg4 Nf7 36. Bf3 Rg6 37. Rb7 Qf6 38. Bc7 Kh8 39. Bh5 Rg7 40. Rxa7 Qc6 41. Qe4 Qxe4 42. dxe4 Kh7 43. Ra5 Rc8 44. Rxc5 Nd8 45. Bd6 Rxc5 46. Bxc5 Nb7 47. Bb4 Rc7 48. Be2 Nc5 49. Ba5 Rc6 50. Bd1 Kg7 51. Bb4 Kf6 52. Kh2 Nxe4 53. Bf3 Kf5 54. c5 d3 55. a4 d2 56. Bxd2 Rxc5 57. Be1 Rc1 58. g4+ fxg3+ 59. Bxg3 Nxg3 60. Kxg3 Rc3 61. Kf2 Ra3 62. Bd1 Kf4 63. h5 e4 64. Ke2 Ra2+ 65. Ke1 Ke3 66. Bb3 Rh2 67. Bc4 Rxh5 68. Bb5 Rh1+ 69. Bf1 Rxf1+ 70. Kxf1 Kd2 0-1